[Event "Capablanca Memorial Premier 33rd"]
[Site "Havana"]
[Date "1998.05.15"]
[Round "8"]
[White "Perez Garcia, Rodney Oscar"]
[Black "Siegel, Georg"]
[Result "1-0"]
[WhiteElo "2395"]
[BlackElo "2540"]
[Annotator "Gofshtein,L"]
[PlyCount "57"]
[EventDate "1998.05.07"]
[EventType "tourn"]
[EventRounds "13"]
[EventCountry "CUB"]
[EventCategory "8"]
[SourceTitle "CBM 065"]
[Source "ChessBase"]
[SourceDate "1998.08.06"]
[SourceVersion "1"]
[SourceVersionDate "1998.08.06"]
[SourceQuality "1"]

{[%mdl 8716]} 1. e4 c5 2. Nf3 d6 3. d4 Nf6 4. Nc3 cxd4 5. Nxd4 Nc6 6. Bg5 e6 7.
Qd2 a6 8. O-O-O h6 9. Be3 Bd7 10. f3 Qc7 11. Kb1 Na5 (11... Rc8 12. g4 b5 13.
h4 Ne5 14. Bd3 g6 15. Rhf1 Qb7 16. g5 hxg5 17. hxg5 Nh5 18. Nce2 $14 {Brodsky,
M-Badea,B/ROM-chT 1994/1-0(32)}) (11... Ne5 12. g4 b5 13. a3 Rb8 14. h4 g6 15.
Be2 Nc4 16. Bxc4 Qxc4 $11 {Belotti,B-Csom,I/Asti op 1995/0-1(31)}) (11... Be7
12. g4 (12. h4 b5 13. Nxc6 Bxc6 14. Bd3 d5 15. e5 Nd7 $6 (15... Qxe5 $142 16.
Bf4 Qd4 17. Bxb5 Qb6) 16. f4 $14 {Klovans,J-Schmidt,J/Schwaebisch Gmund op
1996/1-0(29)}) 12... Ne5 13. h4 b5 14. Bd3 b4 $142 (14... Nc4 15. Bxc4 Qxc4 16.
g5 Nh5 {[%tqu "En","","","","e4e5","",10]} 17. e5 $1 O-O-O (17... dxe5 18. Nf5
$16) {[%tqu "En","","","","d4f5","",10]} 18. Nf5 $1 Bf8 (18... exf5 19. Nd5 $18
) 19. Nxd6+ Bxd6 20. exd6 $18 {Arakhamia,K-Arbakov,V/Bad Woerishofen op 1995/
1-0(27)}) (14... Rb8 15. g5 hxg5 16. hxg5 Nh5 17. Qg2 g6 18. f4 Nc4 19. Bc1 b4
20. Nce2 $16 {Pritchett,C-Csom,I/Pula zt 1975/1-0(33)}) 15. Nce2 d5 16. g5 dxe4
17. gxf6 (17. fxe4 Nfg4) 17... exd3 18. fxe7 dxe2 19. Qxe2 Ng6 20. Qg2 Rc8 21.
h5 Nxe7 22. Qxg7 Rg8 23. Qh7 e5 $19 {Kaminski,M-Tischbierek,R/Bad Endbach 1995/
0-1(38)}) (11... b5 12. Bxb5 (12. Nxc6 Bxc6 13. Bd3 Be7 14. Rhe1 Nd7 15. Ne2
Ne5 16. Bd4 Rc8 17. f4 Nxd3 18. cxd3 e5 19. Bc3 O-O $132 {Cladouras,P-Lobron,E/
BL8788 1988/1/2-1/2(31)}) 12... axb5 13. Ndxb5 Qb8 14. Nxd6+ Bxd6 15. Qxd6 Qxd6
16. Rxd6 Ne5 17. b3 Rc8 18. Kb2 Bc6 (18... Neg4 19. Bb6) 19. Rhd1 $13 {Howell,
J-Bates,R/Hastings Masters 1995/1/2-1/2(45)}) 12. Qf2 {[%cal Rd4e6,Ge3b6]} Nc4
$8 (12... e5 $6 13. Nf5 Bxf5 14. Bb6 Qc6 15. exf5 Nc4 16. Bxc4 Qxc4 17. Rhe1
$16 {[%cal Gf3f4]} (17. f4 Qxf4 18. Qxf4 exf4 19. Rhe1+ Kd7 20. Bd4 $14 {
[%cal Gd4f6,Gd4e5,Gc3a4]})) 13. Bxc4 Qxc4 14. g4 b5 15. h4 g6 (15... b4 $5 16.
Nce2 e5 17. Nf5 (17. b3 Qc7 18. Nf5 g6 $13) 17... Bxf5 18. gxf5 Rc8 19. Nc1 d5
$13) 16. Nb3 a5 17. e5 $1 $146 (17. Rd4 Qc6 18. Rhd1 a4 19. Nd2 a3 20. Rb4 Be7
21. g5 Nh5 22. Nxb5 d5 23. Rb3 axb2 24. Qh2 O-O $44 {Arakhamia,K-Galliamova
Ivanchuk,A/Tilburg ctW 1994/0-1(49)}) 17... dxe5 18. Nd2 Qc7 (18... Qc6 19.
Nde4 Nxe4 20. Nxe4 Be7 21. Bc5 Bxc5 22. Nxc5 Bc8 (22... Rd8 23. Rd2 $16 {
[%cal Gh1d1]}) 23. Qe3 f6 24. g5 $1 $16) 19. Nde4 Nxe4 20. Nxe4 Be7 21. Bb6 Qb7
22. Bc5 Bc6 23. Bxe7 Qxe7 $4 ({Nothing changes} 23... Bxe4 24. Bf6 Bxf3 25. Qd2
$1 {[%cal Rd2d8]} Bd5 $8 (25... Qd5 26. Qc1 $1 $18) (25... Bxd1 26. Rxd1 $18 {
[%csl Rd8,Rh8]}) 26. Rhe1 Rh7 27. Rxe5 $18 {[%csl Rh7]} Kf8 28. a4 bxa4 29.
Rxd5 $1 exd5 30. Qxd5 Qxd5 (30... Qc8 31. Qd7 $18 {[%cal Gc2c4]}) 31. Rxd5 $18
{[%csl Rf8,Rh7][%cal Gc2c8]}) 24. Qb6 $18 Bxe4 25. Qxb5+ Kf8 26. fxe4 Kg7 27.
Rd7 Rab8 28. Qxe5+ Qf6 {[%tqu "En","","","","d7f7","",10]} 29. Rxf7+ $3 (29.
Rxf7+ Kxf7 30. Qc7+ Qe7 31. Rf1+) 1-0

[Event "RUS-chT 05th"]
[Site "Maikop"]
[Date "1998.06.07"]
[Round "5"]
[White "Korneev, Oleg"]
[Black "Ionov, Sergey"]
[Result "1/2-1/2"]
[WhiteElo "2560"]
[BlackElo "2530"]
[Annotator "Gofshtein,L"]
[PlyCount "35"]
[EventDate "1998.06.03"]
[EventType "team-tourn"]
[EventRounds "11"]
[EventCountry "RUS"]
[SourceTitle "CBM 066"]
[Source "ChessBase"]
[SourceDate "1998.09.30"]
[SourceVersion "1"]
[SourceVersionDate "1998.09.30"]
[SourceQuality "1"]
[WhiteTeam "Maykop Universitet"]
[BlackTeam "Sankt Petersburg"]
[WhiteTeamCountry "RUS"]
[BlackTeamCountry "RUS"]

1. e4 {Tyomkin,D} c5 2. Nf3 d6 3. d4 cxd4 4. Nxd4 Nf6 5. Nc3 Nc6 6. Bg5 e6 7.
Qd2 a6 8. O-O-O Nxd4 9. Qxd4 Be7 10. Kb1 b5 11. f3 Qc7 12. h4 Bb7 13. a3 $146 (
13. Bd3 Rc8 14. Be3 O-O 15. h5 h6 16. Bf2 (16. g4 e5 17. Qb6 Qxb6 18. Bxb6 b4
19. Ne2 d5 $15) 16... Nd7 (16... e5 $1 {[%cal Gb5b4,Yd6d5]}) 17. Bh4 Bxh4 18.
Rxh4 Rfd8 19. Rhh1 Ne5 $15 {Filipenko,A-Yakovich,Y/RUS-chT 1996/0-1(29)}) 13...
Rc8 14. Bd3 O-O 15. h5 h6 16. Bd2 $6 (16. Be3 e5 17. Qb6 Qxb6 18. Bxb6 d5 (
18... Bd8 19. Be3 Ba5 20. Bd2 {[%cal Rc3b5]} Bb6 {[%cal Gd6d5]} 21. g4 d5 22.
g5 $36) 19. exd5 Bxd5 (19... Rxc3 20. bxc3 Nxd5 21. Ba5 Ne3 22. Rd2 Nxg2 23.
Rxg2 Bxf3 24. Rhg1 Bxg2 25. Rxg2 Bxa3 26. Bb4 Bxb4 27. cxb4 f5 28. c4 $16) 20.
Nxd5 Nxd5 21. Bf2 Nf4 $11) 16... Nd7 (16... Qc5 $1 17. Qxc5 (17. Be3 e5 18.
Qxc5 dxc5 $15) 17... dxc5 18. e5 Nd7 19. Rhe1 (19. Bxh6 Nxe5 (19... gxh6 20.
Bh7+ Kxh7 21. Rxd7) 20. Bf4 Nxd3 $15) (19. f4 Bxg2) 19... b4 $5 $36) 17. Qf2
Ne5 18. g4 (18. g4 Nxd3 19. cxd3 d5 20. Rc1 Qd6 $15) 1/2-1/2

[Event "Serbian-ch 29th"]
[Site "Sabac"]
[Date "1998.04.25"]
[Round "6"]
[White "Zontakh, Andrey"]
[Black "Vuckovic, Bojan"]
[Result "1-0"]
[WhiteElo "2545"]
[BlackElo "2320"]
[Annotator "Gofshtein,L"]
[PlyCount "111"]
[EventDate "1998.04.20"]
[EventType "tourn"]
[EventRounds "13"]
[EventCountry "YUG"]
[EventCategory "9"]
[SourceTitle "CBM 065"]
[Source "ChessBase"]
[SourceDate "1998.08.06"]
[SourceVersion "1"]
[SourceVersionDate "1998.08.06"]
[SourceQuality "1"]

{[%mdl 6212]} 1. e4 {Hecht} c5 2. Nf3 d6 3. d4 cxd4 4. Nxd4 Nf6 5. Nc3 Nc6 6.
Bg5 e6 7. Qd2 a6 8. O-O-O h6 9. Be3 Nxd4 10. Qxd4 Qc7 11. f4 Be7 12. Be2 b5 (
12... O-O 13. g4 e5 14. Qd3 exf4 15. Bxf4 Re8 16. g5 hxg5 17. Bxg5 {[%tqu "En",
"","","","f6e4","",10]} Nxe4 $1 18. Nxe4 Bf5 19. Bd2 Qc6 20. Bf3 d5 21. Qxd5
Qxd5 22. Nf6+ Bxf6 23. Bxd5 Rac8 24. Bb3 Re2 $17 {Petrushin,A-Vaisser,A/URS-ch
sf 1984/0-1(42)}) (12... e5 13. Qd3 b5 14. Kb1 O-O 15. g4 b4 16. Nd5 Nxd5 17.
exd5 exf4 18. Bxf4 $14 {Dolmatov,S-Vaisser,A/URS-FL 1984/1-0(48)}) 13. Bf3 (13.
e5 $5 dxe5 14. Qxe5 Bd8 (14... Qxe5 $2 15. fxe5 Nd7 16. Bf3 Rb8 17. Bc6 $18) (
14... Qb8 $5) 15. Bf3 Rb8 16. Qxc7 Bxc7 17. Ba7 Bxf4+ 18. Kb1 Rb7 19. Bc6+ Nd7
20. Bxb7 Bxb7 21. Rhf1 Be5 22. Rxf7 $1 Bc6 23. Rf2 $16 {Rachels,S-Dlugy,M/
Boston op 1988/1/2-1/2(51)}) 13... e5 $146 (13... Bb7 $5 14. e5 dxe5 15. Qxe5
Qxe5 16. fxe5 Bxf3 17. gxf3 Nd7 $15 {Aslanian,L-Prudnikova,S/URS Spartakiada-W
1991/1/2-1/2(37)}) 14. fxe5 (14. Qd3 $143 Be6 {[%cal Gb5b4,Ge6c4]} 15. Nd5 Bxd5
16. exd5 Nd7 $132 {[%cal Ge8g8,Ye7f6]}) 14... dxe5 15. Qb6 Qxb6 16. Bxb6 Bb7 $6
({After right} 16... Be6 $5 17. Bc7 (17. Nd5 Bxd5 18. exd5 Bd6 $13 {[%cal
Ge8d7]}) 17... Nd7 18. Nd5 Rc8 19. Ba5 {[%cal Gd5c7]} Bd8 {black kept good
chanses do defence this position.}) 17. Bc7 $5 b4 ({Another try} 17... Nd7 18.
Nd5 Rc8 {[%cal Gb7d5]} 19. Bg4 $1 Bxd5 20. Bxd7+ Kxd7 21. Bxe5 $16 {[%cal
Gd1d5] also wasn't good for black.}) 18. Nd5 Bxd5 $8 19. exd5 e4 20. d6 $1 $16
(20. Be2 $5 Kd7 {[%cal Ge7d6]} 21. d6 Bd8 22. Bxd8 Rhxd8 23. Rd4 $14 {[%cal
Gh1d1,Ge2c4]}) 20... Bd8 (20... exf3 $6 21. dxe7 f2 $8 22. Bd6 (22. Rhf1 Ne4
23. Rd4 f5 $14) 22... a5 23. Rd4 $1 {[%csl Rf2][%cal Gh1f1,Yh1d1,Gc1d2,Gd2e2]})
21. Rhe1 $16 Bxc7 22. Bxe4 Ra7 (22... O-O-O $2 23. Bf5+ Kb8 24. dxc7+ Kxc7 25.
Re7+ $18) {[%tqu "En","","","","e4g6","",10]} 23. Bg6+ $1 {The best way to
transform a positional advantage to material} Kd8 24. dxc7+ Kc8 25. Re7 $1 {
[%cal Rd1d8]} Rxc7 26. Rxf7 Rxf7 27. Bxf7 $18 {The rest of the game is easy
job for white.} Kc7 28. Bc4 a5 29. Re1 Kd6 30. Re6+ Kc5 31. Bd3 Re8 32. Rxe8
Nxe8 {Hecht: Strong bishop supporting an extra pawn. Hecht: Starker Läufer i.V.
mit einem Mehrbauern.} 33. Kd2 Nf6 34. c3 Nd5 35. cxb4+ Nxb4 36. a3 Nd5 37. Be4
Nf6 38. Bf3 {[%csl Rf6][%cal Gf3e4,Ge4d5,Gf3g4,Gg4h5]} Kc4 39. Kc2 g5 40. Be2+
Kc5 (40... Kd4 41. b4 axb4 42. axb4 Nd5 43. Kb3 $18 {[%cal Gb3a4,Ga4a5,Ye2f3]})
41. Kd3 h5 42. h3 Kd5 43. b4 axb4 44. axb4 g4 45. h4 $1 {[%csl Rh5] In this
kind of positions winning side doesn't have to change pawns without any reason.
} Ke5 46. b5 Kf4 47. Kd4 Kg3 48. Ke5 Nd7+ 49. Kd6 Nb6 50. Kc6 Nc8 51. Kc7 Ne7
52. Bc4 {[%cal Gb5b8]} Kxg2 53. Kd7 (53. b6 g3 54. b7 Kh1 55. b8=Q g2 56. Qa8
Kh2 57. Qa2 Kh1 58. Bd3 $18 {[%cal Gd3e4]}) 53... Ng6 54. Bd5+ Kf2 55. b6 Ne5+
56. Kd6 1-0

[Event "Serbian-ch 29th"]
[Site "Sabac"]
[Date "1998.04.26"]
[Round "7"]
[White "Solak, Dragan"]
[Black "Zontakh, Andrey"]
[Result "1/2-1/2"]
[WhiteElo "2380"]
[BlackElo "2545"]
[Annotator "Gofshtein,L"]
[PlyCount "54"]
[EventDate "1998.04.20"]
[EventType "tourn"]
[EventRounds "13"]
[EventCountry "YUG"]
[EventCategory "9"]
[SourceTitle "CBM 065"]
[Source "ChessBase"]
[SourceDate "1998.08.06"]
[SourceVersion "1"]
[SourceVersionDate "1998.08.06"]
[SourceQuality "1"]

1. e4 c5 2. Nf3 Nc6 3. d4 cxd4 4. Nxd4 Nf6 5. Nc3 d6 6. Bg5 e6 7. Qd2 a6 8.
O-O-O h6 9. Bh4 Nxe4 10. Qf4 Ng5 11. Nxc6 bxc6 12. Qa4 Qb6 13. Bd3 (13. f4 Nh7
14. f5 (14. Bc4 Rb8 (14... Be7 15. Bxe7 Kxe7 16. Rhe1 Rb8 17. Bb3 Nf6 18. f5
Rd8 19. fxe6 Bxe6 20. Ne4 $2 Qb5 21. Qd4 c5 22. Qc3 c4 23. Nxf6 Qg5+ 24. Kb1
cxb3 $19 {Hegde,R-Csom,I/Coimbatore 1987/0-1(41)}) 15. Rhe1 (15. Bb3 Bd7 16.
Qe4 Be7 17. Bxe7 Kxe7 18. f5 Nf6 19. Qd3 d5 20. fxe6 Bxe6 21. Na4 Qa5 22. Qd4
Rb4 23. Qa7+ Nd7 $17 {Kiselev,S-Sher,M/Belgorod 1991/0-1(40)}) 15... Qxb2+ 16.
Kd2 Qb4 17. Qxc6+ Bd7 18. Qxa6 Rc8 19. Re4 d5 20. Rb1 dxe4 21. Rxb4 Bxb4 22.
Qb7 $13 {Westerinen,H-Schussler,H/Nordic-ch 1985/1-0 (51)}) 14... Rb8 (14...
Be7 15. Ne4 Rb8 16. Qa3 Qb4 17. Qxb4 Rxb4 18. Bxe7 Kxe7 19. Nxd6 e5 20. Nxc8+
Rxc8 21. Bxa6 Rcb8 22. Rhe1 f6 23. b3 $16 {Almasi,I-Chernyshov,K/Zalakaros op
1995/1/2-1/2 (60)}) 15. fxe6 Bxe6 16. Bc4 Be7 (16... g5 $5 17. Bxe6 fxe6 18.
Bf2 Qxb2+ (18... Qxf2 19. Qxc6+ Kd8 20. Rxd6+ Bxd6 21. Qxd6+ Kc8 22. Qc6+ Kd8
23. Rd1+ Ke7 24. Qc7+ $18) 19. Kd2 Bg7 20. Qxc6+ Kf7 21. Qd7+ Kg6 22. Qxe6+ Bf6
23. Qe4+ Kg7 24. Bd4 Rhe8 $17 {Laplaza,J-Zarnicki,P/Trelew Clarin-GP 1995/0-1
(32)}) 17. Bxe6 fxe6 18. Bxe7 Kxe7 19. Qg4 Qe3+ 20. Rd2 Rhf8 (20... Ng5 21. Nd1
Qe4 (21... Qe4 {1/2-1/2 Almasi,I-Csom,I/Budapest FS07 GM 1994}) 22. Qg3 Qe5 (
22... e5 $5) 23. Qxe5 dxe5 24. Re1 Nf7 25. Nf2 Rhd8 26. Nd3 Rd5 27. Re4 Rbd8
28. Rde2 Rd4 29. b4 R8d5 30. Rxd4 Rxd4 31. a3 a5 32. bxa5 Ra4 33. Nxe5 $11 {
Sax,G-Veingold,A/Tallinn 1979/1/2-1/2(39)}) 21. Qxg7+ Rf7 22. Qd4 Qxd4 23. Rxd4
Nf6 24. Rc4 c5 25. Ra4 Rb6 26. Re1 Rg7 27. g3 h5 28. Rf1 Rg4 29. Raf4 Rxf4 $15
{Ziatdinov,R-Lerner,K/Bern op 1994/1/2-1/2 (59)}) 13... Rb8 14. f4 d5 $146 (
14... Qb4 15. fxg5 Qxa4 16. Nxa4 Rb4 17. g6 Rxa4 18. gxf7+ Kd7 (18... Kxf7 19.
Rhf1+ Kg8 20. c4 $44) 19. c4 Rxa2 (19... Be7 $5) 20. Be1 Ra1+ 21. Bb1 Be7 22.
Rf1 $16 {Planinc,A-Barle,J/JUG-ch 1977/1-0 (69)}) (14... Nh7 $5 15. Rhe1 Bd7
16. Nd5 Qb7 (16... cxd5 17. Rxe6+ fxe6 18. Bg6#) (16... Qxb2+ $5 17. Kd2 g5)
17. Re4 Qxb2+ 18. Kd2 Nf6 19. Bxf6 gxf6 20. Rxe6+ fxe6 21. Bg6+ Kd8 22. Qa5+
Rb6 23. Nxb6 Qb5 $17 {Almasi,I-Cao Sang/Budapest FS04 GM 1997/0-1 (50)}) 15.
Kd2 (15. fxg5 $2 Qxb2+ 16. Kd2 Bb4 $19) 15... Nh7 16. Rhe1 {[%cal Rc3d5]} Bd7 (
16... Bb4 $1 {[%cal Gd5d4]} 17. a3 $8 Bxc3+ 18. bxc3 (18. Kxc3 Qc5+ 19. Kd2
Rxb2 $19 {[%cal Ge8g8]}) 18... O-O 19. Be7 (19. Rb1 Qc7 $17 {[%cal Gh7f6]})
19... Re8 20. Bd6 Rb7 21. Qxa6 Qxa6 22. Bxa6 Rd7 23. Bxc8 Rxd6 24. Bb7 Nf6 $15
{[%cal Ge8b8,Rf6e4,Re4c5]}) 17. f5 Bb4 (17... d4 $6 18. fxe6 $1 dxc3+ 19. bxc3
Bxe6 20. Rb1 $18) 18. fxe6 Bxe6 {[%cal Rd5d4]} 19. a3 $8 Bxc3+ 20. bxc3 O-O 21.
Qxa6 Qxa6 22. Bxa6 Ng5 23. Bd3 c5 $15 {[%cal Gc5c4] This position is better
for black, but because of few material on the board white has to make a draw
without any serious problems.} 24. Bxg5 hxg5 25. Re5 $11 {[%csl Rg5]} Ra8 26.
Rxg5 Rxa3 27. Rb1 Ra7 1/2-1/2

[Event "Serbian-ch 29th"]
[Site "Sabac"]
[Date "1998.04.29"]
[Round "10"]
[White "Matulovic, Milan"]
[Black "Vuckovic, Bojan"]
[Result "1/2-1/2"]
[WhiteElo "2420"]
[BlackElo "2320"]
[Annotator "Gofshtein,L"]
[PlyCount "100"]
[EventDate "1998.04.20"]
[EventType "tourn"]
[EventRounds "13"]
[EventCountry "YUG"]
[EventCategory "9"]
[SourceTitle "CBM 065"]
[Source "ChessBase"]
[SourceDate "1998.08.06"]
[SourceVersion "1"]
[SourceVersionDate "1998.08.06"]
[SourceQuality "1"]

1. e4 c5 2. Nf3 d6 3. d4 cxd4 4. Nxd4 Nf6 5. Nc3 Nc6 6. Bg5 e6 7. Qd2 a6 8.
O-O-O h6 9. Be3 Nxd4 10. Bxd4 b5 11. f4 Be7 12. Kb1 Bb7 13. Bd3 O-O 14. e5 dxe5
15. fxe5 Nd7 16. Ne4 Bxe4 (16... Qc7 $2 17. Nf6+ Kh8 $8 18. Rhe1 Rfd8 19. Ng4 {
[%cal Rg4h6]} Bf8 20. Rf1 Nc5 21. Bxc5 Qxc5 22. Rxf7 $18 {Rytshagov,M-Hultin,J/
Excelsior Cup 1997/1-0(44)}) 17. Bxe4 Rc8 (17... Rb8 18. c3 (18. Ba7 Nxe5 19.
Qc3 Bd6 20. Qd4 Bc7 21. Qc5 Qc8 22. g3 (22. Rhe1 Nc4 23. Bxb8 Qxb8 24. g3 Be5
25. c3 Rc8 26. Qe7 b4 27. Qxb4 Qc7 28. Qb7 Na3+ 29. Kc1 Bf4+ 30. gxf4 Qxf4+ 31.
Rd2 Rd8 32. Red1 Rxd2 33. Rxd2 {1/2-1/2 Shirov,A-Kramnik,V/Linares14th 1997})
22... Nc4 23. Bxb8 Qxb8 24. c3 Rc8 25. Rhf1 Bd6 26. Qf2 Qc7 27. Qf3 a5 28. Bc2
Ne5 29. Qe4 g6 30. Rf2 Bf8 31. Rdf1 Bg7 $44 {Svidler,P-Ionov,S/St.
Petersburg-ch 1997/1/2-1/2 (72)}) 18... Qc7 19. Bc2 Rfd8 20. Qf4 Nf8 21. Rhf1
Bg5 22. Qf2 Rd7 23. Bc5 Rc8 24. Bd6 Qd8 25. Rd4 $16 {Kasparov,G-Kramnik,V/
Novgorod 1997/1/2-1/2(41)}) 18. c3 (18. Qe2 Qc7 19. h4 Nc5 20. Bxc5 Bxc5 21. g4
g6 22. h5 g5 23. Bd3 Qc6 24. Rhf1 Rfd8 25. c3 Bf8 {[%csl Re5][%cal Gf8g7]} 26.
Bc2 Qc4 $11 27. Bd3 Qc6 28. Bc2 Qc4 {1/2-1/2 Tseshkovsky,V-Kiselev,S/RUS-chT
1995}) 18... Qc7 19. Rde1 $5 $146 {[%cal Gh1f1]} (19. Bc2 $5 Nxe5 20. Rhe1 Bf6
21. Qe2 Nd7 22. Qd3 Rfd8 23. Qh7+ Kf8 24. Bf5 Ne5 25. Bc2 Nd7 26. Rf1 {1/2-1/2
Almasi,Z-Garcia Ilundain,D/Pamplona9697 1996}) (19. Qe2 Rfd8 20. Rdf1 (20. Rhf1
Bc5 21. g4 Nf8 22. g5 hxg5 23. Qh5 Qa7 24. Rd3 g6 25. Qxg5 Bxd4 26. Rh3 Bxe5
27. Qxe5 Nh7 28. Bxg6 fxg6 29. Qxe6+ Kg7 30. Qe5+ Kg8 31. Qe6+ Kg7 {1/2-1/2 Ye
Jiangchuan-Kramnik,V/Erevan olm 1996}) (20. h4 Bc5 21. g4 g6 22. h5 g5 23. Rhf1
Nf8 24. a3 Qa7 25. Qf2 Bxd4 26. cxd4 $11 {Peng Xiaomin-Thorhallsson,T/Erevan
olm 1996/1/2-1/2(48)}) 20... Nc5 21. Bc2 Bf8 22. Bxc5 Qxc5 23. Qe4 g6 {1-0
Luther,T-Brenke,A/Lippstadt 1996}) 19... Rfd8 20. Qf2 (20. Rhf1 $5 Nxe5 $2 (
20... Bc5) 21. Qf2 {[%cal Rd4e5,Rd4b6]} Bf6 22. Bb6 Ng4 23. Bxc7 Nxf2 24. Bxd8
Nxe4 25. Rxe4 Rxd8 26. Kc2 $18 {[%cal Gf1d1]}) 20... Bc5 (20... Nc5 $5 21. Bc2
(21. Rhf1 Nxe4 22. Rxe4 (22. Qxf7+ $2 Kh8 23. Rxe4 Rf8 $19) 22... Bf8 23. Rf4 (
23. Bb6 Qb7 24. Rf4 Rd7 $11) 23... Rd7 $11) 21... a5 22. Rhf1 Bf8 $13 {[%cal
Gb5b4]}) 21. Rhf1 Rf8 22. Bc2 $14 {[%csl Gh7][%cal Gf2e2,Ge2e4]} b4 $6 23. Qe2
{[%cal Ge2e4,Yh2h4,Yh4h5]} Bxd4 24. cxd4 Rfd8 {[%cal Gd7f8]} 25. d5 $1 Nf8 (
25... exd5 26. e6 Nf6 $8 {[%tqu "En","","","","f1f6","",10,"e6e7","",0]} 27.
Rxf6 $1 (27. e7 Re8 28. Ba4 (28. Rxf6 $6 Rxe7 $1 29. Bh7+ $8 Kxh7 30. Qd3+ Kg8
31. Rff1 Qc4 $17) 28... Ne4 29. Bxe8 Rxe8 30. Qd3 $14) 27... gxf6 28. e7 Re8
29. Qg4+ Kh8 30. Qf5 Qxc2+ 31. Qxc2 Rxc2 32. Kxc2 $18) 26. d6 $16 Qc5 27. Rc1
Qa7 28. Qf3 $6 (28. Qe4 $142 $5 $40 {[%cal Gg2g4,Gg4g5,Gh2h4] To confine
activity of a black queen.}) 28... a5 29. Ba4 (29. Qf4 $5 {[%csl Gb4][%cal
Gg2g4,Gg4g5]}) 29... Rxc1+ 30. Rxc1 Qd4 31. Rf1 (31. Rc7 $6 Qxe5 32. Qxf7+ Kh8
33. Be8 Qe4+ $132) 31... f6 32. exf6 Qxf6 33. Qe2 Qg5 34. d7 $16 e5 $6 35. Qc4+
Kh8 36. Qd5 $2 $138 {Missing} (36. Qf7 $1 {[%cal Gf7f8]} Qg6+ 37. Qxg6 Nxg6 38.
Rc1 $18 Ne7 39. Rc5 {with winning position}) 36... Qe7 37. Rf7 Qg5 38. Rf1 Qe7
39. Rf7 Qg5 40. g3 (40. Bc2 $5) (40. Qd6 $142 $1 Qg6+ 41. Qxg6 Nxg6 42. Kc2 Kg8
43. Rf5 $18) 40... Qg6+ 41. Bc2 Qb6 42. a4 bxa3 43. Qxe5 Qxb2+ 44. Qxb2 axb2
45. Ba4 {[%cal Gf7e7,Ge7e8]} Ng6 46. Rf5 (46. h4 $1 $18 {[%cal Gh4h5]}) 46...
Kg8 47. Rxa5 $4 ({After correct} 47. Kxb2 Nf8 (47... Ne7 48. Rf2 {[%cal Gb2d4,
Gd4c5,Gc5d6]}) 48. Ka3 $1 g6 49. Re5 $18 {[%cal Ge5e8] white still has a good
chanses to win the game.}) 47... Kf7 48. Kxb2 Nf8 $11 {[%csl Rd7][%cal Gf7e7]}
49. Kc3 Nxd7 50. Ra7 Ke6 1/2-1/2

[Event "FRA-ch"]
[Site "Aix les Bains"]
[Date "2003.08.29"]
[Round "11"]
[White "Bauer, Christian"]
[Black "Chabanon, Jean Luc"]
[Result "1-0"]
[WhiteElo "2589"]
[BlackElo "2498"]
[Annotator "Gofshtein,L"]
[PlyCount "75"]
[EventDate "2003.08.18"]
[EventType "tourn"]
[EventRounds "11"]
[EventCountry "FRA"]
[EventCategory "13"]
[SourceTitle "CBM 097"]
[Source "ChessBase"]
[SourceDate "2003.11.11"]
[SourceVersion "1"]
[SourceVersionDate "2003.11.11"]
[SourceQuality "1"]

1. e4 c5 2. Nf3 d6 3. d4 cxd4 4. Nxd4 Nf6 5. Nc3 Nc6 6. Bg5 e6 7. Qd2 a6 8.
O-O-O h6 9. Nxc6 bxc6 10. Bf4 d5 11. Qe3 Be7 12. Be2 Nd7 13. h4 $5 {White
doesn't have to exchange pawns in the centre, as 13...e5 is dangerous in view
of the sacrifice 14.Be5 Ne5 15.ed with a strong attack. After 13.h4 the Rh1
can quikly be added to the attack} O-O (13... Qb6 14. Qg3 d4 $2 {Black's
position was already unpleasant, but after d5-d4 white got c4 square for the
knight. Black is not able to prevent all white's threats now;} 15. Nb1 $36 {
[%csl Yd6,Rg7][%cal Gb1d2,Gd2c4] 1-0 Khalifman,A-Xu Jun/Shanghai 2001/CBM 85/
[Tyomkin,D] (44)}) ({Very important game was played after another principal
reply of black:} 13... Qa5 14. Qg3 Ra7 15. Qxg7 Bf6 16. Qg3 d4 17. e5 $1 dxc3
18. exf6 Qb4 19. bxc3 Qa3+ 20. Kd2 Nxf6 21. Qg7 $1 Ne4+ 22. Ke1 Qxc3+ 23. Qxc3
Nxc3 24. Be5 $18 {1-0 Nataf,I-Cao,S/Ohrid MKD 2001/The Week in Chess 345 (44)})
(13... e5 14. Bxe5 Nxe5 15. exd5 Qc7 (15... Qd6 16. Ne4 Qb4 17. a3 $36) 16. f4
$16 {[%cal Gd5d6]}) 14. exd5 {Deserved serious consideration to add the rook
to the game with 14.Rh3} (14. Qg3 Kh8 15. Bc7 Qe8 16. Rhe1 $36 {1/2-1/2 Sebag,
M-Pina,S/Bled 2002/EXT 2003 (34)}) (14. Rh3 $1 $40 {[%cal Rf4h6]}) (14. Bxh6
gxh6 15. Qxh6 Bf6 {[%cal Gf6g7,Yd8f6]}) 14... cxd5 {White has the initiative
also after 14...ed} (14... exd5 15. Qg3 Kh8 16. Bc7 Qe8 17. Rhe1 Nf6 18. Qf4
Be6 19. g4 $36 {1/2-1/2 Paehtz,E-Perelshteyn,E/Bermuda 2002/CBM 88 (41)}) 15.
Bxh6 Bf6 {If black receives the sacrifice, the following variations show that
his position is hopeless. That's why he refuses to accept the sacrifice} (15...
gxh6 16. Qxh6 Ne5 (16... Re8 17. Rd3 Bd6 18. f4 $18) (16... Qb6 17. Rh3 Bd6 18.
f4 Qf2 19. Qg5+ Kh7 20. Rf3 $18) 17. Ne4 $1 dxe4 (17... Re8 18. Ng5 Bf6 19.
Qh7+ Kf8 20. f4 Bxg5 21. hxg5 Ng6 22. Bh5 $18) 18. Rxd8 Rxd8 19. Rh3 Ng6 20. h5
Rd5 21. Rg3 $18) 16. Bg5 $16 Rb8 17. Bxf6 Qxf6 18. Rd4 Bb7 19. Rhd1 $6 {
I believe that 19.f4 was stronger, blocking black's pawn structure and
preparing g2-g4} (19. f4 $1 Qh6 20. Rh3 Rfc8 21. g4 $18) 19... Rfc8 20. Rg4 {
White frees the d4 square for the queen and tries to exchange the strong Qf6.}
(20. h5 Ne5 21. Rf4 Qg5 22. Re4 Qxe3+ 23. Rxe3 Nc6) 20... Kf8 21. g3 Rc6 22.
Qd4 Qh6+ $6 {Black should have agreed to the exchange of queens. After 22...
Rb6 he got some compensation for the pawn} (22... Rb6 $5 23. Qxf6 Nxf6 24. Ra4
Bc8 $44) 23. Qf4 Qh8 $6 {Again the lesser evil was the exchange of queens} (
23... Qxf4+ 24. Rxf4 e5 25. Rb4 Rb6 26. Rxb6 Nxb6) 24. Qb4+ Ke8 25. Qd4 f6 (
25... Qh6+ 26. Kb1 Kf8 27. Rg5) 26. Re1 (26. f4 $5) 26... e5 $2 {Loses at once,
26...Ne5 or 26...Qh6+ was better.} (26... Ne5 27. Qa7 $1 Kf7 28. Ra4 Rc7 29. f4
) 27. Qxd5 Rb6 28. Qd3 Rxb2 {Black was counting on this move, but white
doesn't have to take on b2} 29. Qg6+ Kd8 (29... Kf8 30. Bc4 $18) 30. Qxg7 Qxg7
31. Rxg7 $18 Bc6 32. Rd1 R2b4 33. Bg4 Rxg4 34. Rxg4 Ke7 35. Rg7+ {White is an
exchange and two pawns up, this gives him an easy win} Ke6 36. Ne4 Bxe4 37.
Rdxd7 Kf5 38. Rd6 1-0